| 000 | 01196nam a2200373 i 4500 | ||
|---|---|---|---|
| 999 |
_c72 _d72 |
||
| 001 | 019663994 | ||
| 003 | UkOxU | ||
| 005 | 20190725083054.0 | ||
| 008 | 140224t20142006enk j 000 f eng|d | ||
| 015 |
_aGBB426620 _2bnb |
||
| 020 |
_a9781909531192 _qpaperback |
||
| 035 | _a(Uk)016645368 | ||
| 040 |
_aStDuBDS _beng _erda _cStDuBDS _dUkOxU |
||
| 082 | 0 | 4 |
_aFIC BOY _223 |
| 100 | 1 |
_aBoyne, John, _d1971- _eauthor. |
|
| 245 | 1 | 4 |
_aThe boy in the striped pyjamas : _ba fable / _cby John Boyne. |
| 250 | _aThe 10th anniversary edition | ||
| 264 | 1 |
_aLondon : _bDefinitions, _c2014. |
|
| 264 | 4 | _c©2006 | |
| 300 |
_a215 pages ; _c20 cm |
||
| 336 |
_atext _2rdacontent |
||
| 337 |
_aunmediated _2rdamedia |
||
| 338 |
_avolume _2rdacarrier |
||
| 500 | _aOriginally published: London: David Fickling, 2006. | ||
| 650 | 0 |
_aJewish children in the Holocaust _zPoland _vFiction. |
|
| 650 | 0 |
_aFriendship _vFiction. |
|
| 650 | 0 |
_aConcentration camp inmates _vFiction. |
|
| 650 | 0 |
_aChildren of Nazis _vFiction. |
|
| 651 | 0 |
_aBerlin (Germany) _vFiction. |
|
| 655 | 0 | _aYoung adult fiction. | |
| 942 |
_2ddc _cFIC |
||